Ikea Furniture or Chess Player - Statistics

General Stats
  • This quiz has been taken 134 times
    127 since last reset
  • The average score is 8 of 15
Answer Stats
Question Answer % Correct
Akesson Chess Player
72%
Kilberget Ikea Furniture
58%
Blomqvist Chess Player
57%
Agrest Chess Player
56%
Bergstrom Chess Player
55%
Trofast Ikea Furniture
55%
Nordviken Ikea Furniture
52%
Flisat Ikea Furniture
50%
rönninge Ikea Furniture
49%
Soderstrom Chess Player
48%
Alex Ikea Furniture
48%
Ingbrandt Chess Player
45%
Gullaberg Ikea Furniture
44%
Jogstad Chess Player
42%
Laveryd Chess Player
41%
No matching quizzes found
Score Distribution
Percent of People with Each Score
Percentile by Number Answered
Your Score History
You have not taken this quiz since the last reset